| 000 | 00378 a2200109 4500 | ||
|---|---|---|---|
| 001 | ART_42213 | ||
| 005 | 20260410161806.0 | ||
| 008 | 260409a | ||
| 245 | 1 | 0 | _aUna nueva regulación de la participación de los acreedores en el proceso concursal |
| 100 | 1 | _aArduino, Augusto H.L. | |
| 773 | 0 |
_tDoctrina Societaria y Concursal _g- Nº 294 (may. 2012) _wREV4298 |
|
| 999 |
_c21057 _d21057 |
||